000 01295nam0a2200337 4500
001 RU\NLR\bibl\1472633
005 20250616002528.0
010 _a978-5-366-00464-0
_910000
021 _aRU
_b2009-101998
_96490
035 _a(nilc)LIBNET\0000063451
035 _a(NLR Aleph) 001464318
090 _a1603280
_c1603280
100 _a20100914d2009 |||y0rusy50 ca
101 1 _arus
_ceng
102 _aRU
105 _aa |||||||||
200 1 _aОбъемная вышивка
_e[перевод с английского]
_fХелен Пирс
210 _aМосква
_cНиола-Пресс
_d2009
215 _a96 с.
_cил.
454 0 _12001#$aDimensional Embroidery$fHelan Pearce
_1700#1$aPearce$bH.$gHelan
_tDimensional Embroidery
_aPearce, Helan
606 1 _aВышивание объемное
_92106507
_3RU\NLR\auth\661577078
610 1 _aВышивка
_aРукоделие
686 _a37.248
_vLBC/RL
_2rubbk
686 _aМ482
700 1 _4070
_7ca
_8rus
_aПирс
_bХ.
_cавтор книг по рукоделию
_gХелен
_9138494
_3RU\NLR\AUTH\770138529
801 0 _aRU
_bВладимирская ОУНБ
_c20100914
_grcr
801 1 _aRU
_bВладимирская ОУНБ
_c20100914
801 2 _aRU
_bNLR
_c20100212
_grcr
942 _cBOOK
980 _aNB